| 000 | 00575nam a22001817a 4500 | ||
|---|---|---|---|
| 999 |
_c8514 _d8514 |
||
| 008 | 201201b ||||| |||| 00| 0 eng d | ||
| 040 | _aBMS College of Architecture | ||
| 100 | _aChaudhary, Anmol | ||
| 245 | _aTaj orientation and exhibition centre Agra | ||
| 300 | _a52p. | ||
| 500 | _a1BM13AT007 | ||
| 502 |
_8B,Arch _NBMS College of Architecture, Visvesvaraya Technology University (VTU) _aProject report _d2017 |
||
| 650 | _aExhibition | ||
| 700 |
_aGifija Umashankar _eGuide |
||
| 700 |
_aSharath Ravi _eGuide |
||
| 700 |
_aRadhika Kulkarni _eGuide |
||
| 942 |
_2ddc _cTHE |
||